ბათუმის შოთა რუსთაველის სახელმწიფო უნივერსიტეტის ბიბლიოთეკა

წერილები: ტ. 2 : 1851-1859 (ბიბ.ჩანაწერი № 50476)

000 -LEADER
fixed length control field 01121nam a2200217Ia 4500
001 - CONTROL NUMBER
control field 17424
003 - CONTROL NUMBER IDENTIFIER
control field GE_BSU
008 - FIXED-LENGTH DATA ELEMENTS--GENERAL INFORMATION
fixed length control field 181216s||||||||xx |||||||||||||| ||und||
040 ## - CATALOGING SOURCE
Transcribing agency GE_BSU
080 ## - UNIVERSAL DECIMAL CLASSIFICATION NUMBER
Universal Decimal Classification number 821.353.1
100 ## - MAIN ENTRY--PERSONAL NAME
Personal name ორბელიანი, გრიგოლ
245 ## - TITLE STATEMENT
Title წერილები: ტ. 2 : 1851-1859
245 ## - TITLE STATEMENT
Statement of responsibility, etc. აკაკი გაწერელიას რედაქციით და შენიშვნებით;კოტე გორდელაძის წინასიტყვ.; მხატვ.:ლ.ქუთათელაძე და გროგოლოა.
260 ## - PUBLICATION, DISTRIBUTION, ETC.
Place of publication, distribution, etc. ტფილისი
260 ## - PUBLICATION, DISTRIBUTION, ETC.
Name of publisher, distributor, etc. სახელგამი
260 ## - PUBLICATION, DISTRIBUTION, ETC.
Date of publication, distribution, etc. 1937
300 ## - PHYSICAL DESCRIPTION
Extent 400გვ.;23სმ.
300 ## - PHYSICAL DESCRIPTION
Accompanying material სურ. და პორტრ., 4 ჩართ. ფურც.ფაქსიმელეთ და გენეალოგიით დანართი: დამატებითი შენიშვნები (გვ. 388-389-სურათების სია (გვ. 390-391)
653 ## - INDEX TERM--UNCONTROLLED
Uncontrolled term წერილები
942 ## - ADDED ENTRY ELEMENTS (KOHA)
Koha item type წიგნი
ეგზემპლარები
Withdrawn status Lost status Damaged status Not for loan Date acquired Barcode Date last seen Price effective from Koha item type Public note
        2018-12-17 41336 2018-12-17 2018-12-17 წიგნი აგრარული ტექ.ფაკ.
        2018-12-17 41337 2018-12-17 2018-12-17 წიგნი აგრარული ტექ.ფაკ.